'R' and 'R' Quiz Stats

Quiz Updated Apr 15, 2016

Challenge
Share
Tweet
Embed
Score 0/20 Timer 05:00
0 Plays Today
Hint Answer % Correct
A death-defying game of bravado that involves spinning a revolver's cylinder with a single bulletRussian roulette
91.8%
Ice cream composed of chocolate ice cream, nuts and marshmallowsRocky Road
90.8%
Former California governor and actor who went on to become the 40th President of the U.S.Ronald Reagan
88.6%
High speed internet company or Wile E. Coyote's avian nemesis named after a real bird from the southwest U.S.Road Runner
84.8%
A place in a home or building for relaxation and fun, social activitiesrec/rumpus room
78.1%
Since 1970, a UK-made full-size 4-wheel drive SUV that now has Evoque and Sport modelsRange Rover
77.4%
A strenuous competitive activity which sounds like rodents running or a 2001 Whoopi Goldberg/Rowan Atkinson comedyrat race
74.5%
Actor known for his roles in 'Van Wilder,' 'Green Lantern,' and 'Deadpool'Ryan Reynolds
66.9%
Actor and director who starred in 'Butch Cassidy and the Sundance Kid' and founded the Sundance Film FestivalRobert Redford
63.6%
Educational television show about books hosted by LeVar Burton with a very catchy theme songReading Rainbow
61.4%
Hint Answer % Correct
This attachable carrier is placed on top of a car for holding skis or luggageroof rack
56.5%
Celebrity chef and TV personality who hosts '30 Minute Meals' and her eponymous talk showRachael Ray
54.6%
Chain of 'gourmet burger' restaurants founded in Seattle, WashingtonRed Robin
50.9%
US Judo medalist and UFC fighter who had her first loss to Holly Holm and is working on her acting career as in 'Furious 7'Ronda Rousey
48.1%
One of the nine primal cuts of beef, this features 2-7 parallel bones which the meat 'stands' on when cookedrib roast
40.5%
Annual WWE event that pits 30 wrestlers against each other until one remains and is crowned winnerRoyal Rumble
35.5%
1995 film or a cocktail with Scottish whisky and maraschino cherriesRob Roy
31.2%
Either famed movie reviewer who hosted TV's 'At the Movies' at different points in timeRex Reed / Richard Roeper
19.8%
This is the official title and term of address for bishops in the Episcopal or Anglican churchRight Reverend
19.2%
Faction of a US political party that opposed slavery and pushed for reforms in the South until the end of ReconstructionRadical Republicans
11.2%

You're not logged in!

Compare scores with friends on all Sporcle quizzes.
Join for Free
OR
Log In

You Might Also Like...

Show Comments

Extras

Top Quizzes Today


Score Distribution

Your Account Isn't Verified!

In order to create a playlist on Sporcle, you need to verify the email address you used during registration. Go to your Sporcle Settings to finish the process.

Report this User

Report this user for behavior that violates our Community Guidelines.

Details: